00589 a2200181 45000010006000000050017000060080041000230030015000640400040000790800073001192450031001922500012002232640037002353000019002725050075002910410008003661000033003746402420260521160829.0260521a1968 arg spa dAR-UNSa-BCEJYS aAR-UNSa-BCEJYSbspacAR-UNSa-BCEJYS a658.3xPersonal. Relaciones humanas en la empresa (Recursos Humanos)10aLa dirección de personal a2a. ed. 1aBilbao :bEdiciones Deustoc1968 a137 p.c21 cm. a1. La dirección del personal y la organización de la empresa - 2.  aspa1 aRodríguez Sahagun, Tomás